000 00709nam a2200289Ia 4500
005 20260324113836.0
008 008 260324s9999 xx 000 0 eng d
020 _a9781003390923
037 _aEBOOK
040 _aCRL
040 _beng
040 _cCRL
041 _2eng
041 _aeng
084 _qCRL
100 _aYongfeng Yin; Bo Jiang
_91148397
245 0 _aEmbedded Software System Testing
245 0 _bAutomatic Testing Solution Based on Formal Method
260 _bTaylor and Francis
260 _c2023
365 _a
365 _b160
856 _uhttp://www.taylorfrancis.com/books/9781003390923
942 _cEBOOK
999 _c1738254
_d1738254